000 01050nam0a22002771 4500
001 rc\2812304
005 20250806210805.0
035 _a(NLR Aleph) 006938130
090 _a36569
_c36569
100 _a20110915d1944 u y0rusy50 ca
101 0 _arus
102 _aRU
105 _ay z |||a|
200 1 _aТак и будет
_eПьеса в 3 д., 6 карт.
_fКонстантин Симонов
210 _aМосква
_cВсес. упр. по охране автор. прав, Отдел распространения
_d[1944]
_gстеклогр. Отдела распространения
215 _a61 с.
_d27 см.
300 _aСтеклогр. изд.
700 1 _aСимонов
_bК. М.
_cписатель
_f1915-1979
_gКонстантин Михайлович
_3RU\NLR\AUTH\778243
801 0 _aRU
_bNLR
_gpsbo
801 1 _aRU
_bELAR
_2rusmarc
852 _aNLR
_jЛ30 Г-8/109
942 _cBOOK
945 _aРоссийская национальная библиотека
980 _aNB
980 _aBV